Catálogo - Centro de Recursos para el Aprendizaje y la Investigación

Volver al Sitio - CRAI Biblioteca

Concursos centenario Joaquín Balaguer (1906-2006) (Registro nro. 114361)

Detalles MARC
000 -CABECERA
campo de control de longitud fija 01293nam a2200277 4500
001 - NÚMERO DE CONTROL
campo de control 114361
003 - IDENTIFICADOR DEL NÚMERO DE CONTROL
campo de control DR-UNIBE
005 - FECHA Y HORA DE LA ÚLTIMA TRANSACCIÓN
campo de control 20260130140517.0
008 - DATOS DE LONGITUD FIJA--INFORMACIÓN GENERAL
campo de control de longitud fija 260130b2007 dr ||||| |||| 00| 0 spa d
020 ## - NÚMERO INTERNACIONAL ESTÁNDAR DEL LIBRO
Número Internacional Estándar del Libro 9789945140224
040 ## - FUENTE DE LA CATALOGACIÓN
Centro catalogador/agencia de origen BIBLIOTECA UNIBE
Lengua de catalogación spa
Centro/agencia transcriptor BIBLIOTECA UNIBE
Normas de descripción rda
041 ## - CÓDIGO DE LENGUA
Código de lengua del texto/banda sonora o título independiente spa
082 ## - NÚMERO DE LA CLASIFICACIÓN DECIMAL DEWEY
Número de clasificación RD 864.5 C744
245 10 - MENCIÓN DE TÍTULO
Título Concursos centenario Joaquín Balaguer (1906-2006)
250 ## - MENCIÓN DE EDICIÓN
Mención de edición Primera edición
260 ## - PUBLICACIÓN, DISTRIBUCIÓN, ETC.
Lugar de publicación, distribución, etc. Santo Domingo :
Nombre del editor, distribuidor, etc. Fundación Joaquín Balaguer,
Fecha de publicación, distribución, etc. 2007
300 ## - DESCRIPCIÓN FÍSICA
Extensión 343 páginas :
Dimensiones 22 x 15 cm
505 ## - NOTA DE CONTENIDO CON FORMATO
Nota de contenido con formato Presentación |<br/>Los ensayos de Balaguer |<br/>La poesía de Joaquín Balaguer |<br/>Obra histórica de Joaquín Balaguer |<br/>El pensamiento político y la obra de Joaquín Balaguer |<br/>Joaquín Balaguer: obra y pensamiento |<br/>Biografías de los galardonados |<br/>Índice onomástico<br/><br/>
650 #7 - PUNTO DE ACCESO ADICIONAL DE MATERIA--TÉRMINO DE MATERIA
Fuente del encabezamiento o término lemb
Término de materia o nombre geográfico como elemento de entrada Ensayos dominicanos
Subdivisión general Concursos
9 (RLIN) 201977
650 #7 - PUNTO DE ACCESO ADICIONAL DE MATERIA--TÉRMINO DE MATERIA
Fuente del encabezamiento o término lemb
Término de materia o nombre geográfico como elemento de entrada Certámenes literarios dominicanos
Subdivisión general Concursos
9 (RLIN) 201978
700 10 - PUNTO DE ACCESO ADICIONAL--NOMBRE DE PERSONA
Nombre de persona Domínguez Novas, Juan Francisco
9 (RLIN) 127336
Término indicativo de función/relación composición
700 10 - PUNTO DE ACCESO ADICIONAL--NOMBRE DE PERSONA
Nombre de persona Blanco Díaz, Andrés,
Fechas asociadas al nombre 1954-
9 (RLIN) 144547
Término indicativo de función/relación corrector
700 10 - PUNTO DE ACCESO ADICIONAL--NOMBRE DE PERSONA
Nombre de persona Fajardo Tejada, Pura
9 (RLIN) 201970
Término indicativo de función/relación diseñador
-- programados
-- arte final
700 10 - PUNTO DE ACCESO ADICIONAL--NOMBRE DE PERSONA
Nombre de persona Díaz Carrero, Rubén,
Fechas asociadas al nombre 1971-2009
9 (RLIN) 144910
Término indicativo de función/relación diseñador de portada
942 ## - ELEMENTOS DE PUNTO DE ACCESO ADICIONAL (KOHA)
Fuente del sistema de clasificación o colocación Sistema de Clasificación Decimal Dewey
Tipo de ítem Koha Libro (general)
Existencias
Estado de retiro Estado de pérdida Fuente del sistema de clasificación o colocación No para préstamo Código de colección Localización permanente Fecha de adquisición Total de préstamos Signatura topográfica completa Código de barras Fecha visto por última vez Número de copia Precio válido a partir de Tipo de ítem Koha
  Disponible Sistema de Clasificación Decimal Dewey   Folletos - Dominicanos Biblioteca Central UNIBE 12/11/2025   RD 864.5 C744 260045 30/01/2026 Ej. 1 30/01/2026 Libro (general)